Library Banner

ظاریۃ ابن حزم الاندلسی/ (Record no. 93274)

MARC details
000 -LEADER
fixed length control field 00467nam a22001577a 4500
005 - DATE AND TIME OF LATEST TRANSACTION
control field 20170508153137.0
008 - FIXED-LENGTH DATA ELEMENTS--GENERAL INFORMATION
fixed length control field 170508b xxu||||| |||| 00| 0 eng d
040 ## - CATALOGING SOURCE
Transcribing agency PK-LaUMT
082 ## - DEWEY DECIMAL CLASSIFICATION NUMBER
Classification number ZIAC 297.01
Item number ANW-Z
100 ## - MAIN ENTRY--PERSONAL NAME
Personal name انور خالد الزعبی
245 ## - TITLE STATEMENT
Title ظاریۃ ابن حزم الاندلسی/
Statement of responsibility, etc انور خالد الزعبی
260 ## - PUBLICATION, DISTRIBUTION, ETC. (IMPRINT)
Place of publication, distribution, etc بیروت:
Name of publisher, distributor, etc المعھد العالمی،
Date of publication, distribution, etc 1996
300 ## - PHYSICAL DESCRIPTION
Extent 162 ص
546 ## - LANGUAGE NOTE
Language note عربی
942 ## - ADDED ENTRY ELEMENTS (KOHA)
Koha item type Books
Holdings
Withdrawn status Lost status Damaged status Home library Current library Date acquired Full call number Barcode Date last seen Price effective from Koha item type
      UMT Main Campus UMT Main Campus 2017-05-08 ZIAC 297.01 ANW-Z 108330 2017-05-08 2017-05-08 Books